00530nam a2200157Ia 4500008004100000020001800041040001300059082001700072245007800089250001100167260005600178300005500234500001900289650003400308700003000342191130s2000##################000#0#eng## a9780123276452 aACLcACL a592.1776 HAR aIces Zooplankton methodology manualcedited by] Roger Harris ... [et al.] a1st ed aAmsterdam ; BostonbElsevier / Academic Pressc2000 axxi,684p.,[4]p. of plates : ill.(some col.) ; 25cm aIncludes index aMarine zooplankton -- Ecology aHarris, Roger (Roger P. )